The best Christmas / (Record no. 2437)

MARC details
000 -LEADER
fixed length control field 00953cam a22002771 4500
001 - CONTROL NUMBER
control field 2437
003 - CONTROL NUMBER IDENTIFIER
control field FISKH
005 - DATE AND TIME OF LATEST TRANSACTION
control field 20240105090042.0
008 - FIXED-LENGTH DATA ELEMENTS--GENERAL INFORMATION
fixed length control field 750630s1949 xx 000 0 eng
010 ## - LIBRARY OF CONGRESS CONTROL NUMBER
LC control number 49048328
020 ## - INTERNATIONAL STANDARD BOOK NUMBER
International Standard Book Number 9780862032623
035 ## - SYSTEM CONTROL NUMBER
System control number (OCoLC)1420246
040 ## - CATALOGING SOURCE
Original cataloging agency DLC
Transcribing agency FO
Modifying agency OCoLC
-- DLC
Language of cataloging eng
050 00 - LIBRARY OF CONGRESS CALL NUMBER
Classification number PZ7.K595
Item number Be
082 ## - DEWEY DECIMAL CLASSIFICATION NUMBER
Classification number 813'.52
100 1# - MAIN ENTRY--PERSONAL NAME
Personal name Kingman, Lee.
245 14 - TITLE STATEMENT
Title The best Christmas /
Statement of responsibility, etc. Lee Kingman ; illustrated by Janet Duchesne
250 ## - EDITION STATEMENT
Edition statement This edition first published in 1986
260 ## - PUBLICATION, DISTRIBUTION, ETC.
Place of publication, distribution, etc. London :
Name of publisher, distributor, etc. Redwing Books,
Date of publication, distribution, etc. 1949
300 ## - PHYSICAL DESCRIPTION
Extent 64 pages :
Other physical details illustrations ;
Dimensions 21 cm
520 ## - SUMMARY, ETC.
Summary, etc. When his older brother is lost at sea just before Christmas, ten-year-old Erkki works secretly to make special presents for all the members of his family.
650 ## - SUBJECT ADDED ENTRY--TOPICAL TERM
Topical term or geographic name entry element Christmas Story
700 12 - ADDED ENTRY--PERSONAL NAME
Personal name Duchesne, Janet
Relator term illustrator
906 ## - LOCAL DATA ELEMENT F, LDF (RLIN)
a 7
b cbc
c oclcrpl
d u
e ncip
f 19
g y-gencatlg
942 ## - ADDED ENTRY ELEMENTS (KOHA)
Source of classification or shelving scheme Dewey Decimal Classification
Koha item type Books
Suppress in OPAC No
Holdings
Withdrawn status Lost status Source of classification or shelving scheme Damaged status Not for loan Collection Home library Current library Shelving location Date acquired Total Checkouts Full call number Barcode Date last seen Price effective from Koha item type
    Dewey Decimal Classification     Fiction Footprints International School Library Network Toul Kork Campus Footprints International School Library Network Toul Kork Campus   12/07/2023   KIN Fic PZ7.K595 FIS00683 12/07/2023 12/07/2023 Books